Survey of research institutions in Beijing, Lanzhou and Quanzhou (Record no. 21408)

000 -LEADER
fixed length control field 00421pab a2200133 454500
008 - FIXED-LENGTH DATA ELEMENTS--GENERAL INFORMATION
fixed length control field 180718b xxu||||| |||| 00| 0 eng d
100 ## - MAIN ENTRY--PERSONAL NAME
Personal name Tsugitaka, Sato
245 ## - TITLE STATEMENT
Title Survey of research institutions in Beijing, Lanzhou and Quanzhou
650 ## - SUBJECT ADDED ENTRY--TOPICAL TERM
Topical term or geographic name entry element Research Institutions
650 ## - SUBJECT ADDED ENTRY--TOPICAL TERM
Topical term or geographic name entry element Research - China
700 ## - ADDED ENTRY--PERSONAL NAME
Personal name Nakajima, Motoki
773 ## - HOST ITEM ENTRY
Main entry heading Asian research Trends: a Humanities and Social Science Review
909 ## -
-- 21408
Holdings
Withdrawn status Lost status Damaged status Not for loan Permanent Location Current Location Date acquired Serial Enumeration / chronology Barcode Date last seen Price effective from Koha item type
        Indian Institute of Public Administration Indian Institute of Public Administration 2018-07-19 Issue no: (1), 91, p.157-179 AR21477 2018-07-19 2018-07-19 Articles

Powered by Koha